EContent quarterly

Detalles Bibliográficos
Formato: Electrónico Revista
Lenguaje:inglés
Publicado: Chicago, IL : American Library Association, 2013-
Materias:
Acceso en línea:Full text available from Research Library: 09/01/2013 to 06/30/2014

MARC

LEADER 00000nas a22000008i 4500
001 ssj0001053659
003 WaSeSS
005 20200512172242.0
006 m d
007 cr n
008 130618c20139999iluqr p s | a0eng
010 |a  2013200441 
022 |a 2329-6380 
035 |a (WaSeSS)ssj0001053659 
037 |b American Library Association, 50 East Huron St., Chicago, IL 60611-2795 
040 |a DLC  |b eng  |c DLC  |d DKU  |d OCLCO  |d OCLCF  |d OCLCO  |d OCLCQ  |d AU@  |d OCLCO  |d U3W  |d WaSeSS 
042 |a msc 
245 0 0 |a EContent quarterly  |h [electronic resource]. 
260 |a Chicago, IL :  |b American Library Association,  |c 2013- 
263 |a 201306 
310 |a Quarterly 
506 |a License restrictions may limit access. 
650 0 |a Library science  |v Periodicals. 
650 0 |a Information science  |v Periodicals. 
650 7 |a Information science.  |2 fast  |0 (OCoLC)fst00972640 
650 7 |a Library science.  |2 fast  |0 (OCoLC)fst00997916 
655 0 |a Electronic journals. 
856 4 0 |z Full text available from Research Library: 09/01/2013 to 06/30/2014  |u https://search.proquest.com/publication/2031121